<?xml version="1.0" encoding="UTF-8"?>
<record
    xmlns:xsi="http://www.w3.org/2001/XMLSchema-instance"
    xsi:schemaLocation="http://www.loc.gov/MARC21/slim http://www.loc.gov/standards/marcxml/schema/MARC21slim.xsd"
    xmlns="http://www.loc.gov/MARC21/slim">

  <leader>00902nam a2200313 u 4500</leader>
  <controlfield tag="001">928025</controlfield>
  <controlfield tag="005">20260509101038.0</controlfield>
  <controlfield tag="008">050601e20010601                    spa  </controlfield>
  <datafield tag="020" ind1=" " ind2=" ">
    <subfield code="a">956242068X</subfield>
  </datafield>
  <datafield tag="035" ind1=" " ind2=" ">
    <subfield code="a">928025</subfield>
  </datafield>
  <datafield tag="035" ind1=" " ind2=" ">
    <subfield code="a">(OCoLC)777896455</subfield>
  </datafield>
  <datafield tag="040" ind1=" " ind2=" ">
    <subfield code="c">comduadb</subfield>
  </datafield>
  <datafield tag="041" ind1=" " ind2=" ">
    <subfield code="a">spa</subfield>
  </datafield>
  <datafield tag="082" ind1=" " ind2="4">
    <subfield code="a">616</subfield>
  </datafield>
  <datafield tag="100" ind1="1" ind2="0">
    <subfield code="a">Wilson, Robert Reid</subfield>
    <subfield code="4">aut</subfield>
    <subfield code="e">aut</subfield>
    <subfield code="9">409368</subfield>
  </datafield>
  <datafield tag="245" ind1="1" ind2="0">
    <subfield code="a">No al panico : como controlar los ataques de angustia</subfield>
  </datafield>
  <datafield tag="260" ind1=" " ind2=" ">
    <subfield code="a">Chile :</subfield>
    <subfield code="b">Cuatro Vientos,</subfield>
    <subfield code="c">2001.</subfield>
  </datafield>
  <datafield tag="300" ind1=" " ind2=" ">
    <subfield code="a">383 p&#xE1;ginas</subfield>
  </datafield>
  <datafield tag="650" ind1=" " ind2=" ">
    <subfield code="a">Trastornos de p&#xE1;nico</subfield>
    <subfield code="9">91009</subfield>
  </datafield>
  <datafield tag="650" ind1=" " ind2="7">
    <subfield code="a">Trastornos de ansiedad</subfield>
    <subfield code="2">dcs</subfield>
    <subfield code="9">82909</subfield>
  </datafield>
  <datafield tag="650" ind1=" " ind2=" ">
    <subfield code="a">Miedo a volar</subfield>
    <subfield code="9">77161</subfield>
  </datafield>
  <datafield tag="650" ind1=" " ind2=" ">
    <subfield code="a">Agorafobia</subfield>
    <subfield code="9">86297</subfield>
  </datafield>
  <datafield tag="650" ind1=" " ind2=" ">
    <subfield code="a">Fobia</subfield>
    <subfield code="9">38319</subfield>
  </datafield>
  <datafield tag="650" ind1=" " ind2=" ">
    <subfield code="a">Miedo de hablar en p&#xFA;blico</subfield>
    <subfield code="9">105671</subfield>
  </datafield>
  <datafield tag="650" ind1=" " ind2=" ">
    <subfield code="a">T&#xE9;cnicas de autoayuda</subfield>
    <subfield code="9">77895</subfield>
  </datafield>
  <datafield tag="650" ind1=" " ind2=" ">
    <subfield code="a">Farmacoterapia</subfield>
    <subfield code="9">17499</subfield>
  </datafield>
  <datafield tag="650" ind1=" " ind2="7">
    <subfield code="a">Ansiedad</subfield>
    <subfield code="2">lemb</subfield>
    <subfield code="9">29167</subfield>
  </datafield>
  <datafield tag="942" ind1=" " ind2=" ">
    <subfield code="c">BOOK</subfield>
  </datafield>
  <datafield tag="999" ind1=" " ind2=" ">
    <subfield code="c">352682</subfield>
    <subfield code="d">352682</subfield>
  </datafield>
  <datafield tag="952" ind1=" " ind2=" ">
    <subfield code="0">0</subfield>
    <subfield code="1">0</subfield>
    <subfield code="4">0</subfield>
    <subfield code="7">0</subfield>
    <subfield code="8">GEN</subfield>
    <subfield code="a">BC</subfield>
    <subfield code="b">BC</subfield>
    <subfield code="d">2005-06-01</subfield>
    <subfield code="e">Al Pie de la Letra</subfield>
    <subfield code="g">62370.00</subfield>
    <subfield code="i">C866957</subfield>
    <subfield code="l">0</subfield>
    <subfield code="o">616.8522 W746</subfield>
    <subfield code="p">0536790</subfield>
    <subfield code="r">2023-04-26 00:00:00</subfield>
    <subfield code="t">1</subfield>
    <subfield code="w">2023-04-26</subfield>
    <subfield code="y">BOOK</subfield>
  </datafield>
</record>
